| 000 -LEADER |
| fixed length control field |
02787nam a22002897a 4500 |
| 005 - DATE AND TIME OF LATEST TRANSACTION |
| control field |
20250925090857.0 |
| 008 - FIXED-LENGTH DATA ELEMENTS--GENERAL INFORMATION |
| fixed length control field |
250925b ||||| |||| 00| 0 eng d |
| 040 ## - CATALOGING SOURCE |
| Transcribing agency |
SSBUL |
| 041 ## - LANGUAGE CODE |
| Language code of text/sound track or separate title |
Myanmar |
| 082 ## - DEWEY DECIMAL CLASSIFICATION NUMBER |
| Edition number |
23 |
| Classification number |
၆၁၅.၈ ဘိုး |
| Item number |
၁၉၈၄၃(ရည်) S-MTM |
| 100 0# - MAIN ENTRY--PERSONAL NAME |
| Personal name |
ဘိုးလှ၊ ဦး၊ ဆရာကြီး-။ |
| 9 (RLIN) |
62282 |
| 245 10 - TITLE STATEMENT |
| Title |
ရှေးသမားတော်များဆေးကျမ်းပေါင်းချုပ် / |
| Statement of responsibility, etc. |
ဆရာကြီးဦးဘိုးလှ၊ အတုလဆရာတော် ခင်ကြီးဖျော် နှင့် ဦးအာစာရ။ |
| 246 ## - VARYING FORM OF TITLE |
| Title proper/short title |
ဒွိန္နသုခကာရီကုထုံးကျမ်းသစ် / ဆရာကြီးဦးဘိုးလှ။ |
|
| Title proper/short title |
အာဒိကပ္ပဒွါဒရာသီနက္ခတ်ကျမ်း၊ ဒွါဒသိမ်ကျမ်း/ ခင်ကြီးဖျော်။ |
|
| Title proper/short title |
ကျုံယှနက္ခတ်ကျမ်း/ ဦးအာစာရ။ |
|
| Title proper/short title |
မာဓဝနိဒါန်း၊ ရောဂါအဆုံးအဖြတ်ကျမ်း ဒုတိယပိုင်း/ [သိမ်ဖြူဆရာတော် အရှင်နာဂသိန်]။ |
| 260 ## - PUBLICATION, DISTRIBUTION, ETC. |
| Place of publication, distribution, etc. |
ရန်ကုန် ၊ |
| Name of publisher, distributor, etc. |
ဗန္ဓုလစာပုံနှိပ်တိုက်၊ |
| Date of publication, distribution, etc. |
[၁၉၃၂]။ |
| 300 ## - PHYSICAL DESCRIPTION |
| Extent |
ဇ၊ ၂၀၄။ ည၊ ၂၄၈၊ ကော-ကား၊ ၇၃၂ စာမျက်နှာ ၊ |
| Dimensions |
၂၇ စင်တီ။ |
| 500 ## - GENERAL NOTE |
| General note |
S-MTM: Myanmar Traditional Medicine |
|
| General note |
၂-အုပ် ပေါင်းချုပ်ထားသည်။ <br/>၁။ ဒွိန္နသုခကာရီကုထုံးကျမ်းသစ် / ဆရာကြီးဦးဘိုးလှ။ (ဇ၊ ၂၀၄ စာ)<br/>၂။ အာဒိကပ္ပဒွါဒရာသီနက္ခတ်ကျမ်း၊ ဒွါဒသိမ်ကျမ်း/ ခင်ကြီးဖျော်။ နှင့် ကျုံယှနက္ခတ်ကျမ်း/ ဦးအာစာရ။<br/>မာဓဝနိဒါန်း၊ ရောဂါအဆုံးအဖြတ်ကျမ်း ဒုတိယပိုင်း/ [သိမ်ဖြူဆရာတော် အရှင်နာဂသိန်]။ (ည၊ ၂၄၈၊ ကော-ကား၊ ၇၃၂ စာ) |
| 650 ## - SUBJECT ADDED ENTRY--TOPICAL TERM |
| Topical term or geographic name entry element |
ကုထုံးပညာနှင့်ဆေးဝါးဗေဒ။ |
| 9 (RLIN) |
32540 |
|
| Topical term or geographic name entry element |
ရောဂါများ။ |
| 9 (RLIN) |
20699 |
|
| Topical term or geographic name entry element |
တိုင်းရင်းဆေးပညာ။ |
| 700 0# - ADDED ENTRY--PERSONAL NAME |
| Personal name |
ခင်ကြီးဖျော်။ |
| 9 (RLIN) |
62283 |
|
| Personal name |
အာစာရ၊ |
| Titles and other words associated with a name |
ဦး။ |
| 9 (RLIN) |
62284 |
| 942 ## - ADDED ENTRY ELEMENTS (KOHA) |
| Source of classification or shelving scheme |
|
| Koha item type |
Reference |